Romans 11:33-34 Quiz Stats

Quiz not verified by Sporcle

Challenge
Share
Tweet
Embed
Score 0/40 Timer 10:00
0 Plays Today
% Correct
O
87.5%
riches
50%
of
50%
the
50%
the
50%
the
37.5%
depth
37.5%
of
37.5%
the
37.5%
both
37.5%
God
37.5%
unsearchable
37.5%
judgments
37.5%
for
37.5%
who
37.5%
wisdom
25%
and
25%
knowledge
25%
of
25%
how
25%
% Correct
are
25%
His
25%
and
25%
His
25%
ways
25%
past
25%
finding
25%
out
25%
known
25%
mind
25%
of
25%
the
25%
Lord
25%
or
25%
who
25%
hath
25%
His
25%
hath
12.5%
been
12.5%
counsellor
12.5%

You're not logged in!

Compare scores with friends on all Sporcle quizzes.
Sign Up with Email
OR
Log In

You Might Also Like...

Show Comments

Extras

Top Quizzes Today


Score Distribution

Your Account Isn't Verified!

In order to create a playlist on Sporcle, you need to verify the email address you used during registration. Go to your Sporcle Settings to finish the process.